Selected poems (Record no. 39992)
[ view plain ]
| 000 -LEADER | |
|---|---|
| fixed length control field | 00746nam a22002297a 4500 |
| 005 - DATE AND TIME OF LATEST TRANSACTION | |
| control field | 20221210101117.0 |
| 008 - FIXED-LENGTH DATA ELEMENTS--GENERAL INFORMATION | |
| fixed length control field | 010101b xxu||||| |||| 00| 0 eng d |
| 020 ## - ISBN | অাই এস বি এন | |
| ISBN | অাই এস বি এন | 9780141181257 |
| PRICE | 399 |
| 040 ## - CATALOGING SOURCE | |
| Original cataloging agency | Loreto College |
| 041 ## - LANGUAGE CODE | |
| Language code | English |
| 082 ## - DDC | ডিউই | |
| Classification number | বর্গসংখ্যা | 821.91 |
| Book Number | গ্রন্থাঙ্ক | YEA |
| 100 ## - MAIN ENTRY--PERSONAL NAME | মুখ্য সংলেখ - ব্যাক্তিনাম | |
| Personal name | ব্যাক্তিনাম | Yeats, W.B. |
| Dates of Birth / Death | জন্ম / মৃত্যু সন | 1865-1939 |
| Fuller form of name | পূর্ণনাম | William Butler Yeats |
| 245 ## - TITLE STATEMENT | অাখ্যা বিবরণী | |
| Title | অাখ্যা | Selected poems |
| Statement of responsibility | লেখকের দায়িত্বের বিবরণ | W.B. Yeats. Edited with an Introduction and notes by Timothy Webb |
| 260 ## - IMPRINT | প্রকাশনা ক্ষেত্র | |
| Place of publication | প্রকাশ স্থান | London |
| Name of publisher | প্রকাশকের নাম | Penguin Books |
| Date of publication | প্রকাশ কাল | 1991 |
| 300 ## - PHYSICAL DESCRIPTION | | |
| Page / Vol. No | পৃষ্ঠা / খন্ড সংখ্যা | xliii,322p |
| Other physical details | অনান্য বাহ্যিক বিবরণ | 23 cm |
| 500 ## - GENERAL NOTE | সাধারণ টীকা | |
| General note | সাধারণ টীকা | reprinted with additional material 2000 |
| 504 ## - BIBLIOGRAPHY, ETC. NOTE | |
| Bibliography, etc | Includes bibliographical references and index |
| 650 ## - SUBJECT ADDED ENTRY--TOPICAL TERM | বিষয় শিরোনাম - মূল বিষয় | |
| Topical term | মূল বিষয় | Poetry |
| General subdivision | সাধারণ বিভাগ | Literature in English |
| Chronological subdivision | কালগত বিভাগ | 20th Century |
| 700 ## - ADDED ENTRY--PERSONAL NAME | অতিরিক্ত সংলেখ - ব্ | |
| Relator code | দায়িত্ব নির্দেশক | ed. |
| Personal name | ব্যাক্তিনাম | Webb, Timothy |
| 850 ## - HOLDING INSTITUTION | |
| Holding institution | LCLIB |
| 942 ## - ADDED ENTRY ELEMENTS (KOHA) | |
| Koha item type | Books |
| Withdrawn status | Lost status | Source of classification | Damaged status | Not for loan | Home library | Current library | Date acquired | Price | Total Checkouts | Full call number | Accession No. | Date last seen | Date checked out | Price effective from | Koha item type | Coded location qualifier |
|---|---|---|---|---|---|---|---|---|---|---|---|---|---|---|---|---|
| Dewey Decimal Classification | Loreto College | Loreto College | 01/01/2001 | 399.00 | 4 | 821.91 YEA 50753 | 43559 | 18/05/2023 | 10/05/2023 | 01/01/2001 | Books |